[Event "6th Vardaris Open 2020"]
[Site "Thessaloniki"]
[Date "2020.02.27"]
[Round "1.1"]
[White "Kouskoutis, Georgios-Alexandros"]
[Black "Lu, Shanglei"]
[Result "0-1"]
[WhiteElo "2288"]
[BlackElo "2615"]
[Annotator "TA"]
[PlyCount "88"]
[EventDate "2020.02.27"]
[EventType "swiss"]
[EventCountry "GRE"]
[SourceTitle "playchess.com"]
[Source "ChessBase"]
[SourceQuality "1"]

{[%evp 14,88,12,12,18,0,25,3,7,6,18,8,8,16,0,-8,0,-23,0,0,-7,-35,-61,-64,-47,-53,-68,-50,-16,-125,-98,-114,-116,-97,-110,-125,-128,-144,-152,-150,-147,-143,-106,-137,-142,-172,-169,-182,-166,-164,-161,-191,-186,-241,-239,-250,-207,-233,-212,-252,-181,-308,-171,-183,-172,-418,-263,-454,-460,-641,-618,-719,-729,-862,-845,-857,-851]} 1. c4 Nf6 2. g3 e6 3. Bg2 d5 4. Nf3 d4 5. e3 c5 6. exd4 cxd4 7. d3 Nc6 8. O-O Bd6 {A13: English Opening: 1...e6.} 9. Bg5 h6 10. Bxf6 $1 Qxf6 {The position is equal.} 11. Nbd2 Qe7 12. a3 a5 13. Re1 O-O 14. Rc1 {is more profitable than 14.Nb3 at the moment.} Rd8 15. Nh4 Bc7 16. c5 Bd7 {[#]} 17. Rc4 $146 ({Predecessor:} 17. Nf5 Qf8 18. Nd6 Bxd6 19. cxd6 Qxd6 20. Ne4 Qe7 21. Nc5 Be8 22. Qb3 Rab8 23. Qb6 {1-0 (58) Nisipeanu,L (2673)-Kraemer,M (2574) Austria 2018}) 17... Ne5 18. Rxe5 $1 Bxe5 19. Bxb7 Rab8 $36 {[%mdl 2048] Black has good play.} 20. c6 Bc7 21. Qc2 (21. Ne4 $11 {keeps the balance.}) 21... Bc8 $17 22. Bxc8 Rdxc8 ({Much less strong is} 22... Rbxc8 23. Ne4 $15) 23. Nb3 {[#]} Bb6 $1 24. Nf3 e5 25. Nbd2 Bc7 26. Nb3 Qe6 27. Nfd2 Kh7 28. Qd1 Bb6 29. Qe2 Kg8 30. Nf3 Bc7 31. Nfd2 Rb5 32. a4 {[#]} Rb6 $1 33. Qf3 (33. Nc5 $142 Qxc6 34. Qg4) 33... Rcb8 $19 34. Nc5 Qxc6 35. Nce4 Qd7 36. b3 Bd8 37. Kg2 (37. Nc5 {might work better.} Qe7 38. h4) 37... Be7 (37... f5 $142 38. Nc5 Qf7) 38. Nc5 Qd8 39. Nde4 $2 (39. h4) 39... g6 40. g4 $2 (40. Nd2 {was called for.}) 40... Rc8 {Black is clearly winning.} 41. Qe2 Qd5 42. Qf3 {Threatens to win with Nf6+!} Kg7 ({Not} 42... Rxc5 43. Rxc5 Qe6 44. Rxa5 $14) 43. Na6 Rxc4 44. bxc4 Qc6 {Accuracy: White = 52%, Black = 75%.} 0-1

[Event "6th Vardaris Open 2020"]
[Site "Thessaloniki"]
[Date "2020.02.27"]
[Round "1.2"]
[White "Zeng, Chongsheng"]
[Black "Kesidis, Odyseas"]
[Result "1-0"]
[WhiteElo "2567"]
[BlackElo "2282"]
[Annotator "TA"]
[PlyCount "125"]
[EventDate "2020.02.27"]
[EventType "swiss"]
[EventCountry "GRE"]
[SourceTitle "playchess.com"]
[Source "ChessBase"]
[SourceQuality "1"]

{[%evp 9,125,3,7,7,18,4,18,10,18,16,16,12,17,21,21,8,16,20,18,0,39,43,116,122,122,116,110,116,116,105,96,96,125,81,109,107,106,85,98,31,66,62,79,81,68,14,14,14,37,14,12,8,134,146,126,2,0,0,0,0,0,0,0,-62,-70,-71,-47,-79,0,-9,-12,-8,0,0,0,-18,10,8,4,1,4,11,18,3,8,8,12,12,5518,5510,5189,142,5189,5189,5181,1266,29969,29970,29970,29971,29972,29973,29973,29974,29975,29975,29975,29976,29981,29982,29982,29976,29982,29982,29983,29982,29982,29983]} 1. c4 Nf6 2. Nf3 e6 3. g3 a6 4. Bg2 b5 5. Nd4 c6 6. d3 {A13: English Opening: 1...e6.} d5 {[#]} 7. cxd5 $146 ({Predecessor:} 7. O-O Be7 8. Nc3 O-O 9. e4 Qb6 10. Nb3 d4 11. c5 Bxc5 12. e5 Nfd7 13. Ne4 {0-1 (37) Sunye Neto,J (2545)-Hergott,D (2450) Linares 1993}) 7... cxd5 8. O-O {The position is equal.} Be7 9. Bf4 Bb7 10. Qc2 O-O 11. Rc1 $36 {[%mdl 2048] Black is under pressure.} Qd7 12. Nd2 Rc8 13. Qd1 Nc6 14. N4b3 Nh5 15. Be3 d4 ({Better is} 15... Bd6 $14) 16. Nxd4 $16 Nxd4 17. Bxb7 Qxb7 18. Bxd4 Qd5 19. e3 Nf6 20. Qf3 Qd7 21. Ne4 Nd5 22. Qg4 {[%csl Gd4][%cal Rg4g7] [#]} Bf8 23. Nc5 (23. Qd1 {looks sharper.} Rxc1 24. Rxc1 Rc8 25. a3 a5 26. Nc5) 23... Qd8 24. Qe4 (24. a3 $16) 24... Rc6 25. Nb3 Rac8 26. Rxc6 Rxc6 27. a4 (27. a3 $14) 27... bxa4 $1 $11 28. Rxa4 Qb8 29. Nd2 f5 $1 {[%cal Rf5e4]} 30. Qf3 {next Nc4 is good for White.} Nb4 (30... Rc1+ $11 31. Kg2 Nb4) 31. Nc4 $16 Rc8 32. e4 (32. Qd1 $16) 32... Qb5 $11 33. Ra5 Qc6 34. Bc3 fxe4 35. Qg4 {[#] And now Ne5 would win.} Nxd3 36. Ne3 ({White should try} 36. Nd2 $11) 36... Rc7 $15 {Threatens to win with ...Rf7.} 37. Qg5 h6 38. Qg6 $1 e5 (38... Bc5 $17) 39. Rxa6 Qxg6 40. Rxg6 Rf7 41. Ng4 {Hoping for Nxh6+.} Kh7 42. Rc6 Bc5 {[%cal Rc5f2]} (42... Rf5 $5 {[%cal Rh6h5]}) 43. Nxe5 Bxf2+ 44. Kg2 Nxe5 45. Bxe5 $11 {[%mdl 4096] Endgame KRB-KRB} Ba7 46. Rc7 Kg6 47. b4 Be3 48. b5 Rxc7 $4 {[%mdl 8192]} (48... Rf2+ $11 49. Kh3 h5) 49. Bxc7 {KB-KB} Bd2 50. Be5 $2 (50. Bf4 $18 {is the precise move to win.} Ba5 51. Be3) 50... Ba5 $2 {[%mdl 8192] This costs Black the game.} (50... Be3 $16) 51. Bd4 $18 Kf5 52. b6 g5 53. b7 {White mates.} Bc7 54. Ba7 e3 55. Kf3 e2 56. Kxe2 Kg4 57. b8=Q Bxb8 58. Bxb8 {KB-KPP} Kh3 59. Kf3 h5 60. Kf2 g4 61. Kg1 h4 62. gxh4 Kxh4 63. Kg2 {Accuracy: White = 81%, Black = 67%.} 1-0

[Event "6th Vardaris Open 2020"]
[Site "Thessaloniki"]
[Date "2020.02.27"]
[Round "1.3"]
[White "Krallis, Christos"]
[Black "Krysa, Leandro"]
[Result "1/2-1/2"]
[WhiteElo "2276"]
[BlackElo "2523"]
[Annotator "TA"]
[PlyCount "76"]
[EventDate "2020.02.27"]
[EventType "swiss"]
[EventCountry "GRE"]
[SourceTitle "playchess.com"]
[Source "ChessBase"]
[SourceQuality "1"]

{[%evp 11,76,0,-3,-8,-1,-28,-32,-27,-20,-23,-34,-54,-36,-79,-87,-70,-73,-87,-74,-87,-81,-57,-67,-109,-86,-106,-10,-11,0,0,0,0,0,0,99,99,112,99,120,126,151,95,160,139,131,133,118,93,139,93,102,97,84,88,97,95,123,69,92,0,112,0,81,0,122,115,127]} 1. d4 Nf6 2. c4 e6 3. Nf3 d5 4. g3 dxc4 5. Bg2 c6 6. O-O b5 7. a4 {E04: Open Catalan: 5 Nf3.} Bb7 8. b3 cxb3 9. Qxb3 {Black is slightly better.} b4 10. a5 c5 11. Rd1 Nbd7 $36 {[%mdl 2048] Black has some pressure.} 12. dxc5 Bxc5 13. Ne5 Bxg2 14. Kxg2 Qc7 ({And not} 14... Nxe5 15. Rxd8+ Rxd8 16. Bf4 $16) 15. Nxd7 {[#]} Nxd7 $146 ({Predecessor:} 15... Qc6+ 16. Qf3 Qxf3+ 17. exf3 Nxd7 18. Nd2 Nf6 19. Bb2 Be7 20. Ne4 Nxe4 21. fxe4 f6 {½-½ (40) Lkhamsuren,U (2147)-Bilguun,S (2444) Ulaanbaatar 2016}) 16. Qa4 Rd8 17. Ra2 O-O $1 18. Rc2 Qb7+ (18... Nb8 $17 19. Rxd8 Rxd8) 19. f3 $11 Nb6 {[%mdl 64] Discovered Attack} 20. axb6 Rxd1 21. Rxc5 Qxb6 {Strongly threatening ...Rg1+!} 22. Be3 $1 Qd6 ({Not} 22... Rxb1 $2 23. Qc2 $18) (22... Re1 $11 23. Qa2 Qd6) 23. Qxb4 $16 a5 24. Qb2 {Threatens to win with Nc3.} Rd5 25. Rc4 Qa6 {[#]} 26. Qc2 (26. Rg4 $142 $1 {[%csl Gg4][%cal Rb2g7]} e5 27. Nc3) 26... Rfd8 (26... Ra8 $142) 27. Rc6 Qa8 28. Rc7 R5d7 29. Rc5 h6 30. Na3 Rd5 31. Rc7 Qb8 32. Rc4 Qe5 33. Rc3 Qb8 34. Rb3 (34. Nc4 $16) 34... Qc8 35. Rc3 Qb8 $1 36. Rb3 Qc8 $1 37. Rc3 Qb8 $1 38. Nc4 Qb5 {Accuracy: White = 79%, Black = 80%.} 1/2-1/2

[Event "6th Vardaris Open 2020"]
[Site "Thessaloniki"]
[Date "2020.02.27"]
[Round "1.4"]
[White "Marin, Mihail"]
[Black "Giannoulakis, Lampros"]
[Result "1/2-1/2"]
[WhiteElo "2502"]
[BlackElo "2266"]
[Annotator "TA"]
[PlyCount "101"]
[EventDate "2020.02.27"]
[EventType "swiss"]
[EventCountry "GRE"]
[SourceTitle "playchess.com"]
[Source "ChessBase"]
[SourceQuality "1"]

{[%evp 22,101,2,1,33,19,50,54,67,39,34,13,25,35,39,0,0,0,0,0,0,-33,14,-2,17,17,17,0,17,17,14,14,14,17,21,40,20,9,6,0,10,12,14,14,14,7,20,0,0,0,0,0,0,0,0,0,0,0,0,0,0,0,0,0,0,0,0,0,0,0,0,0,0,0,0,0,0,0,0,0,0,0]} 1. c4 Nf6 2. g3 g6 3. Bg2 Bg7 4. Nc3 O-O 5. e4 c5 6. Nge2 Nc6 {[%cal Bb8c6,Bc6d4,Bd4e2][%mdl 32]} 7. O-O d6 8. d3 a6 9. h3 Rb8 10. a4 Ne8 11. Be3 Nd4 12. Rb1 Nxe2+ {A36: Symmetrical English vs ...g6: 4 Bg2 Bg7.} 13. Nxe2 Nc7 14. b4 Ne6 {[#] White is slightly better.} 15. Qd2 $146 ({Predecessor:} 15. f4 Bd7 16. f5 Nd4 17. Nxd4 cxd4 18. Bd2 b6 19. h4 a5 20. Kh2 Qe8 21. b5 {0-1 (38) Bjorgvinsson,A (1937)-Lind,J (2234) Reykjavik 2016}) 15... Bd7 16. b5 axb5 17. axb5 Ra8 18. e5 Bc8 19. exd6 Qxd6 20. Rb3 Rd8 21. f4 Nd4 (21... h5 {is more complex.} 22. Kh2 Nd4 23. Nxd4 cxd4 24. Bg1 Re8) 22. Bxd4 Bxd4+ 23. Nxd4 Qxd4+ 24. Qf2 Qxf2+ 25. Rxf2 Ra1+ 26. Rf1 $1 {[%cal Rf1a1]} Rxf1+ 27. Bxf1 $11 {[%mdl 4096] Endgame KRB-KRB} b6 28. Ra3 Be6 29. Ra7 {The position is equal.} Bf5 30. Ra3 h5 31. Kf2 Kg7 32. Kf3 Rd6 33. g4 Bd7 34. Be2 hxg4+ 35. hxg4 g5 36. fxg5 Kg6 37. Ra8 Kxg5 38. Kg3 Kf6 39. Kf4 Rd4+ 40. Ke3 Ke5 41. Rb8 Rd6 42. Rh8 Rg6 43. Rb8 (43. Rh7 {is interesting.} Be6 44. Rh5+ Kd6 45. g5 Ke5 46. Rh8) 43... Bxg4 44. Bxg4 Rxg4 {KR-KR} 45. Rb7 Rg3+ 46. Kd2 f5 47. Rxe7+ Kd4 $1 48. Rd7+ Ke5 49. Re7+ Kd4 $1 50. Rd7+ Ke5 51. Re7+ {Accuracy: White = 90%, Black = 90%.} 1/2-1/2

[Event "6th Vardaris Open 2020"]
[Site "Thessaloniki"]
[Date "2020.02.27"]
[Round "1.5"]
[White "Rama, Lorenc"]
[Black "Santiago, Yago De Moura"]
[Result "0-1"]
[WhiteElo "2265"]
[BlackElo "2488"]
[Annotator "TA"]
[PlyCount "70"]
[EventDate "2020.02.27"]
[EventType "swiss"]
[EventCountry "GRE"]
[SourceTitle "playchess.com"]
[Source "ChessBase"]
[SourceQuality "1"]

{[%evp 12,70,37,32,40,0,2,0,0,0,0,0,8,-25,-11,-24,0,0,0,-47,-39,-58,-47,-86,-65,-115,-93,-155,-131,-150,-93,-103,-112,-105,-93,-253,-228,-377,-260,-262,-255,-260,-260,-253,-259,-529,-529,-487,-499,-429,-322,-540,-545,-839,-839,-1322,-1275,-1209,-1195,-1729,-1648]} 1. c4 e6 2. Nf3 Nf6 3. g3 d5 4. Bg2 g6 5. O-O Bg7 6. d4 O-O 7. Qc2 b6 {D77: Fianchetto Grünfeld: 6 0-0: Replies other than 6...c6.} 8. b3 Bb7 9. Bb2 Na6 {The position is equal.} 10. Nbd2 Qe7 11. Rac1 c5 {[#]} 12. e3 $146 ({Predecessor:} 12. Qb1 Rfd8 13. Rfd1 Rac8 14. Qa1 Nc7 15. Ne5 Nce8 16. dxc5 bxc5 17. e3 Nd7 18. Nxd7 Bxb2 19. Qxb2 Rxd7 20. cxd5 exd5 {½-½ (36) Leszko,B (2042)-Jarocka,L (1789) Kouty nad Desnou 2017}) 12... Rac8 13. Qb1 Ne4 14. cxd5 exd5 15. Nxe4 dxe4 16. Ne5 f5 17. a3 Bd5 18. Nc4 b5 19. Na5 (19. Ne5 $142) 19... cxd4 20. exd4 Bh6 (20... Qd7 $142 21. Rxc8 Rxc8) 21. Rxc8 $17 Rxc8 22. Bc1 Bf8 23. b4 $2 {[#] Now White is beyond hope.} (23. Rd1 $17 {was worth a try.}) 23... Nxb4 $1 $19 {[%mdl 512]} 24. Bd2 (24. axb4 {might work better.} Qxb4 {[%mdl 64] Double Attack} 25. Qa1) 24... Nc2 25. Qxb5 Qe6 26. Qa4 Qb6 ({Resist} 26... Nxa3 27. Rc1 $17) ({Don't take} 26... Bxa3 27. Rd1 $19) 27. Rc1 {Strongly threatening Bf1.} Bxa3 28. Qxa3 $2 (28. Rd1) 28... Nxa3 29. Rxc8+ Kf7 30. Bf1 Qb1 {aiming for ...e3!} 31. Rc7+ $2 (31. Rc1 Qb6 32. Rc5) 31... Ke6 {Black is clearly winning.} 32. Nc6 Bc4 {[%csl Gc4][%cal Rb1f1]} 33. d5+ Kxd5 {[%csl Gc4][%cal Rb1f1]} 34. Nb4+ Ke6 {[%csl Gc4][%cal Rb1f1]} 35. Rxc4 Nxc4 {Accuracy: White = 35%, Black = 84%.} 0-1

[Event "6th Vardaris Open 2020"]
[Site "Thessaloniki"]
[Date "2020.02.27"]
[Round "1.6"]
[White "Kourkoulos-Arditis, Stamatis"]
[Black "Gu, Tianlu"]
[Result "1/2-1/2"]
[WhiteElo "2470"]
[BlackElo "2253"]
[Annotator "TA"]
[PlyCount "173"]
[EventDate "2020.02.27"]
[EventType "swiss"]
[EventCountry "GRE"]
[SourceTitle "playchess.com"]
[Source "ChessBase"]
[SourceQuality "1"]

{[%evp 11,173,-10,35,15,18,3,6,0,9,0,0,0,0,0,6,0,56,57,41,57,41,46,53,48,50,43,50,54,60,47,61,57,60,51,58,16,15,0,28,16,27,0,0,1,12,0,0,0,0,-8,0,0,12,10,11,17,19,16,8,8,8,8,9,9,81,81,108,108,108,108,108,108,108,108,108,108,108,108,108,108,108,108,108,108,108,29,108,108,108,108,108,70,70,70,70,58,108,0,108,108,108,89,89,52,89,89,89,89,89,89,89,89,89,89,89,89,89,39,46,0,89,0,55,0,0,0,0,0,0,0,0,0,0,0,0,0,0,0,0,0,0,0,0,0,0,0,0,0,0,0,0,0,0,0,0,0,0,0,0,0,0,0,0,0]} 1. Nf3 d5 2. g3 c5 3. Bg2 Nc6 4. d4 e6 5. O-O Nf6 6. b3 b6 7. Bb2 {D02: 1 d4 d5 2 Nf3 sidelines, including 2...Nf6 3 g3 and 2...Nf6 3 Bf4.} Bb7 8. Nbd2 Be7 9. dxc5 bxc5 {[#]} 10. Ne5 $146 ({Predecessor:} 10. e4 O-O 11. e5 Nd7 12. Re1 Qc7 13. a3 Rad8 14. Qe2 Nb6 15. Qe3 Rd7 16. Bh3 {1-0 (26) Hinrichs,J (2190)-Huo,D (1734) Hamburg 2017}) 10... Nxe5 11. Bxe5 O-O 12. c4 Nd7 13. Bb2 Qb6 ({Black should try} 13... Bf6 $11 14. Bxf6 Nxf6) 14. cxd5 $14 exd5 {[#]} 15. Nc4 $1 {[%mdl 512]} dxc4 16. Qxd7 {[%mdl 64] Double Attack} Bxg2 17. Kxg2 Bf6 18. Bxf6 Qxf6 19. bxc4 Rfd8 20. Qb5 Qe5 21. e3 Rd2 22. Qb7 Rad8 23. Qf3 g6 24. a4 a5 25. Rab1 Ra2 $1 26. Rfd1 (26. Rb7 {seems wilder.} Qe6 27. Rb5 Qxc4 28. Rxa5 Rxa4 29. Rc1) 26... Rxd1 $1 27. Rxd1 Rxa4 $11 {[%mdl 4096] Endgame KQR-KQR} 28. Rd5 (28. Rd7 {seems wilder.} Qe6 29. Qa8+ Kg7 30. Qd5 Qxd5+ 31. cxd5 Ra2 32. Rc7) 28... Qe7 29. Qg4 Kg7 30. h4 Ra2 31. Qf4 h5 32. Qe5+ Qxe5 33. Rxe5 {KR-KR} Rc2 34. Rxc5 a4 35. Rc6 a3 36. Ra6 a2 37. Kf3 Rxc4 (37... f5 $11) 38. Rxa2 $16 f5 39. Ke2 Rb4 40. Kd3 Kf7 41. Kc3 Re4 42. Kb3 Kg7 43. Ra7+ Kf6 44. Ra6+ Kg7 45. Rd6 Kf7 46. Rd4 {Strongly threatening Rxe4.} Re6 47. Kc4 Rc6+ {[#]} 48. Kd5 (48. Kd3 $1 $16) 48... Re6 (48... Rc2 $11 {keeps the balance.}) 49. Rc4 {Rc7+ is the strong threat.} Re7 50. Rc6 Re8 51. Rd6 Re4 52. Rd7+ Kf6 $1 53. Rc7 Re8 54. Rc6+ Kf7 55. Ra6 Re4 56. Ra3 Kf6 57. f3 {Intending Ra6+ and mate.} Re6 58. e4 fxe4 59. fxe4 Re5+ 60. Kd4 {Black must now prevent Ra6+.} Rb5 61. Ra6+ Kf7 62. Rc6 Rb3 63. Rc3 Rb5 64. Rc5 Rb3 65. Rc3 Rb5 $1 66. Rc5 Rb3 $1 67. Ke5 (67. Rc7+ $14 Ke6 68. Rc6+ Kf7 69. Rc3) 67... Rxg3 $11 {The position is equal.} 68. Rc7+ Ke8 69. Ke6 {[%cal Rc7c8]} Kf8 70. e5 Rf3 71. Rc4 Rf1 72. Rd4 Ke8 73. Ra4 {[%cal Ra4a8]} Kf8 74. Rc4 Rf2 75. Rb4 Rf1 76. Rc4 Rf2 77. Ra4 Rf1 78. Rd4 Ke8 79. Kd6 Ra1 80. e6 Rg1 81. Ra4 {[%cal Ra4a8]} Rd1+ 82. Ke5 Rf1 $1 83. Rf4 Rg1 $1 84. Ra4 Rg4 85. Rf4 Ke7 (85... Rxf4 86. Kxf4 Kd8 87. Ke4 Kc8 88. Ke5 Kd8 89. Kd6 Ke8 90. e7) 86. Rf7+ Ke8 87. Rf4 {Accuracy: White = 88%, Black = 89%.} 1/2-1/2

[Event "6th Vardaris Open 2020"]
[Site "Thessaloniki"]
[Date "2020.02.27"]
[Round "1.7"]
[White "Ladopoulos, Dimitrios"]
[Black "Stanojoski, Zvonko"]
[Result "1-0"]
[WhiteElo "2253"]
[BlackElo "2435"]
[Annotator "TA"]
[PlyCount "69"]
[EventDate "2020.02.27"]
[EventType "swiss"]
[EventCountry "GRE"]
[SourceTitle "playchess.com"]
[Source "ChessBase"]
[SourceQuality "1"]

{[%evp 15,69,0,0,0,29,29,35,15,73,51,55,58,63,55,60,55,56,22,149,121,170,173,172,168,168,177,244,227,241,248,250,204,296,291,383,353,387,387,462,416,860,847,885,872,821,809,1045,1049,1026,1006,1075,1075,1049,1054,1802,1764]} 1. Nf3 d5 2. e3 Nf6 3. c4 e6 4. d4 c6 5. Nc3 Nbd7 6. Qc2 Bd6 7. b3 O-O 8. Bb2 Qe7 9. Be2 {D45: Semi-Slav: 5 e3.} a6 10. O-O b5 11. e4 {White is slightly better.} b4 (11... Nxe4 $11 12. Nxe4 dxe4 13. Qxe4 Bb7) 12. e5 {[%mdl 64] [#] Double Attack} bxc3 13. exd6 Qxd6 14. Bxc3 {[#]} c5 $146 ({Predecessor:} 14... Bb7 15. Rfd1 Rac8 16. Bb2 Rfd8 17. Rac1 Qf4 18. Qd2 Qxd2 19. Nxd2 Ne8 20. Ba3 Nf8 {1-0 (37) Kalod,R (2450)-Bazant,P (2145) Lazne Bohdanec 1998}) 15. dxc5 Qxc5 16. Qb2 Bb7 {[#] Black is now going downhill.} (16... dxc4 $1 $11 17. Rac1 (17. bxc4 Rb8 $11) 17... Bb7) 17. b4 $1 $16 {[%cal Rb4c5]} Qc7 18. c5 Rfb8 19. Ne5 Nf8 20. Nd3 Qe7 (20... N8d7 {might work better.} 21. Bd4 Bc6) 21. Be5 $18 Rc8 22. a4 N8d7 23. Bd4 Rab8 (23... Re8 $142) 24. Rfc1 Ne8 25. b5 {[%cal Bb4b5,Bb5c6][%mdl 32]} f6 26. f4 Bc6 27. Nb4 e5 (27... axb5 $142 28. axb5 Bxb5) 28. bxc6 {White is clearly winning.} Rxb4 29. Qxb4 Nb8 30. Qb7 {[%mdl 64] Double Attack} Qd8 31. fxe5 Nxc6 32. exf6 {White wants to mate with f7+.} gxf6 33. Bf2 a5 34. Bg3 Ng7 35. Ba6 {Accuracy: White = 94%, Black = 34%.} 1-0

[Event "6th Vardaris Open 2020"]
[Site "Thessaloniki"]
[Date "2020.02.27"]
[Round "1.9"]
[White "Hadzimanolis, Antonios"]
[Black "Georgakopoulos, Nikolaos"]
[Result "0-1"]
[WhiteElo "2221"]
[BlackElo "2367"]
[Annotator "TA"]
[PlyCount "54"]
[EventDate "2020.02.27"]
[EventType "swiss"]
[EventCountry "GRE"]
[SourceTitle "playchess.com"]
[Source "ChessBase"]
[SourceQuality "1"]

{[%evp 20,54,14,20,21,-28,-17,-11,-12,-55,-51,-65,-25,-66,-79,-82,-59,-50,-62,-107,-80,-159,-165,-264,-287,-279,-219,-249,-225,-231,-187,-138,-180,-1014,-1014,-1059,-1059]} 1. Nf3 Nf6 2. c4 c5 3. g3 d5 4. Bg2 Nc6 5. cxd5 Nxd5 6. Nc3 Nc7 7. O-O e5 8. d3 Be7 9. Nd2 O-O 10. Nc4 f6 11. f4 exf4 {A34: Symmetrical English: 2 Nc3, lines with ...d5.} 12. gxf4 Be6 13. f5 Bf7 {The position is equal.} 14. Rf4 {[#]} Qd7 $146 ({Predecessor:} 14... Kh8 15. Qf1 g5 16. fxg6 Bxg6 17. Ne3 Ne6 18. Rf2 Qd4 19. Ncd5 Rae8 20. Nxe7 Rxe7 {½-½ (44) Gschwendtner,S (2165)-Slajs,V (2062) Klatovy 2005}) 15. Qf1 Rfe8 16. Qf2 b5 17. Ne3 Rac8 18. Ne4 Nd4 19. Kf1 Bf8 20. Qh4 (20. b3 $142) 20... Kh8 $17 21. b4 (21. Bd2 $142) 21... Nd5 $19 22. Nxd5 Bxd5 23. Bb2 Nc2 ({But not} 23... Nxf5 24. Qf2 $17) 24. Nxf6 {[%csl Gf6][%cal Rh4h7] [#]} Bxg2+ 25. Kxg2 {[%csl Gf6][%cal Rh4h7]} gxf6 26. Bxf6+ $2 (26. Rg1 Bg7 27. e4) 26... Bg7 27. Rc1 Qc6+ {[%mdl 64] Double Attack. Accuracy: White = 38%, Black = 87%.} 0-1

[Event "6th Vardaris Open 2020"]
[Site "Thessaloniki"]
[Date "2020.02.27"]
[Round "1.10"]
[White "Vestby-Ellingsen, Mads"]
[Black "Papadopoulos, Panayotis"]
[Result "1-0"]
[WhiteElo "2357"]
[BlackElo "2220"]
[Annotator "TA"]
[PlyCount "93"]
[EventDate "2020.02.27"]
[EventType "swiss"]
[EventCountry "GRE"]
[SourceTitle "playchess.com"]
[Source "ChessBase"]
[SourceQuality "1"]

{[%evp 12,93,0,0,22,22,22,27,33,24,28,35,22,29,27,27,32,0,0,0,-10,-16,4,-6,-10,-23,-14,-45,36,0,28,20,25,27,27,0,0,0,0,-9,-14,-60,-57,-165,-68,-97,-52,-117,-57,-63,-50,-39,0,-43,0,-102,-102,-120,-25,0,37,63,334,332,840,808,511,-126,1728,497,1154,-112,843,793,1180,1191,1464,1436,1307,1250,1321,1175,1503,1245]} 1. d4 Nf6 2. Bg5 c5 3. d5 Qb6 4. Nc3 Qxb2 5. Bd2 Qb6 6. e4 d6 7. f4 Qc7 {A45: Trompowsky Attack.} 8. Nf3 Bg4 9. Bc4 a6 {White has an edge.} 10. a4 Nbd7 11. O-O {[#]} g6 $146 ({Predecessor:} 11... Nb6 12. Be2 Bxf3 13. Bxf3 Nc4 14. Bc1 g6 15. Qe2 Na5 16. e5 Nd7 17. exd6 Qxd6 {1-0 (45) Havas,J (2215)-Juric,G (2216) Mali Losinj 2019}) 12. h3 Bxf3 13. Qxf3 Bg7 14. Rae1 {[%mdl 1024] White has compensation.} O-O 15. g4 Nb6 16. Be2 Nfd7 17. Ra1 c4 18. h4 Nc5 19. h5 Rac8 (19... Bxc3 $15 20. Bxc3 Nbxa4) 20. Kg2 Qd7 {[%cal Rb6a4]} 21. a5 Nba4 22. Nxa4 Nxa4 23. Rab1 c3 $1 $36 {[%cal Rc3d2][%mdl 2048] Black has some pressure.} 24. Be3 Nb2 $1 25. Ra1 Nc4 26. Bxc4 Rxc4 27. Rh1 (27. f5 $15) 27... Ra4 ({Black should try} 27... e6 $1 $19 28. h6 Bh8) 28. h6 Bh8 29. Kg3 (29. Rhb1 $15) 29... Rc8 ({Black should play} 29... e6 $1 $17 30. Rhb1 exd5 31. exd5 Rc4) 30. Rhb1 $15 Rxa1 31. Rxa1 Qb5 32. Qd1 Rc4 (32... Qc4 $5 {[%cal Rc4e4]} 33. Kf3 f5 34. gxf5 (34. exf5 gxf5 35. gxf5 Kf7 $11) 34... gxf5 35. exf5 Kf7 $11) 33. Kf3 (33. Qd3 $11 {remains equal.}) 33... Rb4 $1 $17 34. Qe2 {[#] With the idea Qxb5.} Qxe2+ ({Better is} 34... f5 $1 $17 {[%cal Rf5e4][%mdl 512]} 35. gxf5 (35. exf5 Qxd5+) 35... Qxe2+ 36. Kxe2 gxf5 37. exf5 Rb5) 35. Kxe2 $11 Rxe4 $17 {[%mdl 4096] Endgame KRB-KRB} 36. Rb1 $1 {[%cal Rb1b7]} f5 $2 {[%mdl 8192]} (36... Bd4 $14 37. Kd3 {[%mdl 64] Double Attack} Rxe3+ 38. Kxd4 Rf3) 37. Kd3 $18 e5 $2 (37... Ra4) 38. dxe6 $1 Rxe6 39. Rb4 $2 (39. Rxb7 $18 {Hoping for Rb8+.} Re8 40. gxf5 gxf5 41. Ra7) 39... b6 $2 {[%mdl 8192]} (39... fxg4 $17 40. Rxb7 Bf6) 40. Rxb6 (40. axb6 $142 {Threatens to win with b7.} Re8 41. b7) 40... Bf6 (40... Re8 $142 41. Rxa6 d5 42. gxf5 gxf5) 41. Rb7 $2 (41. g5 $18 Bd8 42. Rxa6) 41... Be7 $2 {[%mdl 8192]} (41... fxg4 $17 42. Bf2 d5) 42. g5 {White is clearly winning.} Re4 43. Rb6 d5 44. Rxa6 Kf7 45. Ra8 Ke6 46. Rh8 Ra4 47. Rxh7 {Accuracy: White = 56%, Black = 37%.} 1-0